| 000 | 00416cam a2200157ua 4500 | ||
|---|---|---|---|
| 041 |
_aeng _h |
||
| 082 |
_a822 _bSHE/SH |
||
| 100 | _aSheridan, . | ||
| 245 |
_aSheridan`s Plays / _cSheridan. _hTextual Documents |
||
| 260 |
_aLondon : _bJ M Dent and Sons Ltd , _c1966. |
||
| 300 | _a430 ; . | ||
| 440 | 0 |
_aEveryman`s Library, _v95 _x; |
|
| 490 | 0 |
_aEveryman`s Library, _v95 _x; |
|
| 942 | _cBK | ||
| 999 |
_c4218 _d4218 |
||